LEADER 01629nam 2200541 450 001 9910155074903321 005 20200520144314.0 010 $a1-78570-298-X 010 $a1-78570-296-3 035 $a(CKB)3710000000973394 035 $a(MiAaPQ)EBC4771017 035 $a(Au-PeEL)EBL4771017 035 $a(CaPaEBR)ebr11318657 035 $a(OCoLC)959610992 035 $a(EXLCZ)993710000000973394 100 $a20170104h20172017 uy 0 101 0 $aeng 135 $aurcnu|||||||| 181 $2rdacontent 182 $2rdamedia 183 $2rdacarrier 200 00$aArchaeology and Homeric epic /$fedited by Susan Sherratt and John Bennet 210 1$aOxford, [England] ;$aPhiladelphia, Pennsylvania :$cOxbow Books,$d2017. 210 4$d©2017 215 $a1 online resource (183 pages) 225 1 $aSheffield Studies in Aegean Archaeology 311 $a1-78570-295-5 320 $aIncludes bibliographical references. 410 0$aSheffield studies in Aegean archaeology. 606 $aArchaeology$zGreece 606 $aHomer$xInfluence 606 $aEpic poetry, Greek$xHistory and criticism 606 $aCivilization, Homeric 608 $aElectronic books. 615 0$aArchaeology 615 0$aHomer$xInfluence. 615 0$aEpic poetry, Greek$xHistory and criticism. 615 0$aCivilization, Homeric. 676 $a938 702 $aSherratt$b Susan 702 $aBennet$b John 801 0$bMiAaPQ 801 1$bMiAaPQ 801 2$bMiAaPQ 906 $aBOOK 912 $a9910155074903321 996 $aArchaeology and Homeric epic$92003746 997 $aUNINA LEADER 00896nas 2200313- 450 001 996510058903316 005 20230808213016.0 011 $a2757-7422 035 $a(OCoLC)1371760738 035 $a(CKB)5490000000155266 035 $a(CONSER)--2023242199 035 $a(EXLCZ)995490000000155266 100 $a20230221a20219999 --- - 101 0 $aeng 135 $aur||||||||||| 181 $ctxt$2rdacontent 182 $cc$2rdamedia 183 $acr$2rdacarrier 200 00$aAdvances in artificial intelligence research 210 1$aMu?la :$cOsman Özkaraca,$d2021- 215 $a1 online resource 517 1 $aAAIR 606 $aArtificial intelligence$vPeriodicals 608 $aPeriodicals.$2lcgft 615 0$aArtificial intelligence 906 $aJOURNAL 912 $a996510058903316 996 $aAdvances in artificial intelligence research$93422244 997 $aUNISA